| 000 | 00828nam a2200253 a 4500 | ||
|---|---|---|---|
| 001 | BRCA_4361 | ||
| 005 | 20190320204637.0 | ||
| 008 | 161209s1856----mx-a######---#000-0#spa-# | ||
| 041 | _aspa | ||
| 044 | _amx | ||
| 050 | 4 |
_aF1232.S3 _b.H67 2 _c1856 |
|
| 245 | 1 | 0 | _aHistoria de la revolución de México contra la dictadura del General Santa-Anna 1853-1855. |
| 260 |
_aMéxico _bVicente García Torres _c1856 |
||
| 300 |
_av, 335 p. _bil., mapas, retratos _c23 cm. |
||
| 500 | _aIncluye apéndice | ||
| 500 | _aCuenta con hojas plegables, una se rompió y esta suelta | ||
| 500 | _aEjemplar igual a B77 | ||
| 500 | _aB132 | ||
| 600 | 1 | 4 |
_aSanta Anna, Antonio López de _d1795-1876 _911132 |
| 600 | 1 | 4 |
_aComonfort, Ignacio _d1812-1863 _910029 |
| 651 | 4 |
_aMéxico _xHistoria _y1821-1861 _9618 |
|
| 902 | _aGFM | ||
| 942 |
_2lcc _cB |
||
| 999 |
_c4072 _d4072 |
||